[Event "ITA-chT GpB 55th"]
[Site "Vasto"]
[Date "2024.04.09"]
[Round "2.11"]
[White "Boraso, Alessio"]
[Black "Di Trapani, Davide"]
[Result "1/2-1/2"]
[WhiteElo "2291"]
[BlackElo "2161"]
[PlyCount "128"]
[EventDate "2024.04.08"]
[EventType "team-tourn"]
[EventRounds "7"]
[EventCountry "ITA"]
[SourceTitle "CB16_2024"]
[SourceDate "2024.04.17"]
[SourceVersion "1"]
[SourceVersionDate "2024.04.17"]
[SourceQuality "1"]
[WhiteTeam "Milan Accademia"]
[BlackTeam "Mimosa Elite"]
[WhiteTeamCountry "ITA"]
[BlackTeamCountry "ITA"]

1. e4 c5 2. Nf3 d6 3. Nc3 Nf6 4. e5 dxe5 5. Nxe5 a6 6. g3 Qd6 7. Qe2 Nc6 8. Nxc6 Qxc6 9. Rg1 Bg4 10. Bg2 Qxg2 11. Rxg2 Bxe2 12. Kxe2 g6 13. d3 Bg7 14. a4 h5 15. Ra3 Rd8 16. Rb3 Rd7 17. Be3 Rc7 18. Bf4 Rd7 19. a5 h4 20. g4 0-0 21. h3 Rc8 22. g5 Nh5 23. Be3 c4 24. Ra3 cxd3+ 25. cxd3 Rcd8 26. Na4 Rd5 27. Rg4 Rxa5 28. b4 Rad5 29. Nc5 Rb8 30. Rxh4 e5 31. Rg4 Bf8 32. Rc3 Bxc5 33. bxc5 Rc8 34. Rb4 Nf4+ 35. Bxf4 exf4 36. d4 b5 37. h4 f6 38. gxf6 Kf7 39. Kf3 Kxf6 40. Ra3 Rc6 41. Ke4 Rd8 42. Rb1 Re6+ 43. Kd3 Kf5 44. Rg1 Rc6 45. Rg5+ Kf6 46. Ra1 Kf7 47. Rag1 Rf6 48. d5 a5 49. h5 a4 50. hxg6+ Kg7 51. Kc3 f3 52. c6 Rf4 53. Rh5 Rc4+ 54. Kb2 Re8 55. Rh7+ Kg8 56. c7 Re2+ 57. Kb1 Rcc2 58. c8Q+ Rxc8 59. d6 Rc3 60. Rc7 Rb3+ 61. Ka1 Ra3+ 62. Kb1 Rb3+ 63. Kc1 Ra3 64. Kb1 Rb3+ 1/2-1/2

[Event "Cesenatico op 23rd"]
[Site "Cesenatico"]
[Date "2019.09.08"]
[Round "9"]
[White "Loiacono, Leonardo"]
[Black "Di Trapani, Davide"]
[Result "1-0"]
[WhiteElo "2293"]
[BlackElo "2181"]
[PlyCount "59"]
[EventDate "2019.09.01"]
[EventType "swiss"]
[EventRounds "9"]
[EventCountry "ITA"]
[SourceTitle "EXT 2020"]
[Source "ChessBase"]
[SourceDate "2019.10.17"]
[SourceVersion "1"]
[SourceVersionDate "2019.10.17"]
[SourceQuality "1"]

1. d4 Nf6 2. c4 c5 3. d5 e6 4. Nc3 exd5 5. cxd5 d6 6. e4 g6 7. Bd3 Bg7 8. Nge2 0-0 9. 0-0 a6 10. a4 Nbd7 11. Ng3 h5 12. h3 Re8 13. Bg5 Qc7 14. Qc1 Rb8 15. a5 c4 16. Bc2 Nc5 17. Kh1 b5 18. axb6 Rxb6 19. Ra2 Bd7 20. f4 Nh7 21. Bh4 Bh6 22. Qd1 Reb8 23. f5 Be8 24. Nxh5 Rxb2 25. Rxb2 Rxb2 26. Nf6+ Nxf6 27. Bxf6 Nd3 28. Bxd3 Rd2 29. Qg4 cxd3 30. Qh4 1-0

[Event "Cesenatico op 23rd"]
[Site "Cesenatico"]
[Date "2019.09.07"]
[Round "8"]
[White "Di Trapani, Davide"]
[Black "Djuric, Stefan"]
[Result "1/2-1/2"]
[WhiteElo "2181"]
[BlackElo "2358"]
[PlyCount "32"]
[EventDate "2019.09.01"]
[EventType "swiss"]
[EventRounds "9"]
[EventCountry "ITA"]
[SourceTitle "EXT 2020"]
[Source "ChessBase"]
[SourceDate "2019.10.17"]
[SourceVersion "1"]
[SourceVersionDate "2019.10.17"]
[SourceQuality "1"]

1. e4 d6 2. d4 Nf6 3. Nc3 g6 4. Bg5 Bg7 5. Qd2 h6 6. Bh4 g5 7. Bg3 Nh5 8. 0-0-0 Nc6 9. Qe3 Bd7 10. Be2 Nxg3 11. hxg3 e5 12. d5 Nd4 13. Bh5 c5 14. f4 exf4 15. gxf4 gxf4 16. Qxf4 Qg5 1/2-1/2

[Event "Lignano Sabbiadoro op 5th"]
[Site "Lignano Sabbiadoro"]
[Date "2019.07.30"]
[Round "5"]
[White "Di Trapani, Davide"]
[Black "Herega, Nejc"]
[Result "1/2-1/2"]
[WhiteElo "2200"]
[BlackElo "1939"]
[PlyCount "49"]
[EventDate "2019.07.27"]
[EventType "swiss"]
[EventRounds "9"]
[EventCountry "ITA"]
[SourceTitle "CBM 191 Extra"]
[Source "ChessBase"]
[SourceDate "2019.09.30"]
[SourceVersion "1"]
[SourceVersionDate "2019.09.30"]
[SourceQuality "1"]

1. d4 Nf6 2. Bg5 Ne4 3. Bf4 d5 4. e3 c5 5. Bd3 Qb6 6. Bxe4 dxe4 7. Nc3 cxd4 8. exd4 Bf5 9. Nge2 e6 10. Qd2 Be7 11. 0-0-0 Nd7 12. Ng3 Nf6 13. f3 Bb4 14. fxe4 Nxe4 15. Ngxe4 Bxe4 16. Qe2 Bxc3 17. bxc3 Qc6 18. Rde1 Bd5 19. Qe5 f6 20. Qh5+ g6 21. Qh4 g5 22. Qh5+ Ke7 23. Bxg5 fxg5 24. Qxg5+ Kd7 25. Qe5 1/2-1/2

[Event "ITA-ch sf 72nd"]
[Site "Civitanova Marche"]
[Date "2012.07.18"]
[Round "5"]
[White "Andreoni, Giuseppe"]
[Black "Di Trapani, Davide"]
[Result "1-0"]
[WhiteElo "2119"]
[BlackElo "2072"]
[PlyCount "79"]
[EventDate "2012.07.15"]
[EventType "swiss"]
[EventRounds "9"]
[EventCountry "ITA"]
[SourceTitle "EXT 2013"]
[Source "ChessBase"]
[SourceDate "2012.11.22"]
[SourceVersion "1"]
[SourceVersionDate "2012.11.22"]
[SourceQuality "1"]

1. e4 e5 2. Bc4 Nc6 3. Nc3 Nf6 4. d3 Bc5 5. f4 d6 6. Nf3 a6 7. f5 Na5 8. Bg5 c6 9. Qe2 b5 10. Bb3 Nxb3 11. axb3 Bb7 12. 0-0-0 Qe7 13. Rhf1 a5 14. Kb1 a4 15. b4 Bxb4 16. d4 Bxc3 17. bxc3 0-0 18. g4 exd4 19. Bxf6 Qxf6 20. g5 Qd8 21. f6 dxc3 22. fxg7 Re8 23. g6 hxg6 24. Qe3 Qa5 25. Rd4 Kxg7 26. Nh4 Re5 27. Qf4 Qc7 28. Qf6+ Kg8 29. Nf5 gxf5 30. Rg1+ Kf8 31. Rxd6 Rae8 32. Qg7+ Ke7 33. Qxe5+ Kf8 34. Qg7+ Ke7 35. Qf6+ Kf8 36. Qh6+ Ke7 37. Qg5+ Kxd6 38. Rd1+ Kc5 39. Qe3+ Kb4 40. Qd4+ 1-0

[Event "ITA-ch sf 72nd"]
[Site "Civitanova Marche"]
[Date "2012.07.16"]
[Round "2"]
[White "Di Trapani, Davide"]
[Black "Martorelli, Antonio"]
[Result "0-1"]
[WhiteElo "2072"]
[BlackElo "2219"]
[PlyCount "83"]
[EventDate "2012.07.15"]
[EventType "swiss"]
[EventRounds "9"]
[EventCountry "ITA"]
[SourceTitle "EXT 2013"]
[Source "ChessBase"]
[SourceDate "2012.11.22"]
[SourceVersion "1"]
[SourceVersionDate "2012.11.22"]
[SourceQuality "1"]

1. e4 c5 2. Nf3 e6 3. d4 cxd4 4. Nxd4 a6 5. Bd3 Bc5 6. Nb3 Ba7 7. Qg4 Nf6 8. Qg3 d6 9. Nc3 Nc6 10. Bg5 b5 11. 0-0-0 b4 12. Ne2 e5 13. f4 h6 14. fxe5 Nxe5 15. Bd2 a5 16. Qxg7 Ke7 17. Nf4 Rg8 18. Qxh6 a4 19. Na1 Neg4 20. Qh4 Bf2 21. Nd5+ Ke6 22. Qh3 Nxd5 23. exd5+ Ke7 24. Qf3 Qb6 25. Rhf1 Qc5 26. h3 Ne5 27. Bg5+ Rxg5 28. Qxf2 Qxf2 29. Rxf2 Bb7 30. Be4 Rc8 31. Rd4 Rc4 32. Rxc4 Nxc4 33. b3 Re5 34. Rf4 Nb6 35. Bf3 Bxd5 36. Rxb4 Bxf3 37. gxf3 Re1+ 38. Kb2 Nd5 39. Rxa4 Ne3 40. Re4+ Kf6 41. a4 d5 42. Rf4+ 0-1

[Event "Cesenatico op 15th"]
[Site "Cesenatico"]
[Date "2011.09.05"]
[Round "3"]
[White "Sveshnikov, Evgeny"]
[Black "Di Trapani, Davide"]
[Result "1-0"]
[WhiteElo "2504"]
[BlackElo "2024"]
[PlyCount "53"]
[EventDate "2011.09.03"]
[EventType "swiss"]
[EventRounds "9"]
[EventCountry "ITA"]
[SourceTitle "CBM 144 Extra"]
[Source "ChessBase"]
[SourceDate "2011.10.28"]
[SourceVersion "1"]
[SourceVersionDate "2011.10.28"]
[SourceQuality "1"]

1. e4 e5 2. Nf3 Nc6 3. Nc3 Nf6 4. g3 d5 5. exd5 Nxd5 6. Bg2 Nxc3 7. bxc3 e4 8. Qe2 Qe7 9. Nd4 Nxd4 10. cxd4 f5 11. 0-0 Bd7 12. d3 0-0-0 13. dxe4 Bc6 14. c3 Bxe4 15. Bxe4 fxe4 16. Re1 Re8 17. Bf4 Qa3 18. Be5 Bd6 19. Qxe4 Qxc3 20. Rab1 Qc6 21. Qxc6 bxc6 22. Bxg7 Rhg8 23. Be5 c5 24. Bxd6 cxd6 25. dxc5 Rxe1+ 26. Rxe1 dxc5 27. Re5 1-0

[Event "Lugano New op 5th"]
[Site "Lugano"]
[Date "2011.04.25"]
[Round "6"]
[White "Karl, Hans"]
[Black "Di Trapani, Davide"]
[Result "1-0"]
[WhiteElo "2194"]
[BlackElo "2018"]
[PlyCount "67"]
[EventDate "2011.04.22"]
[EventType "swiss"]
[EventRounds "6"]
[EventCountry "SUI"]
[SourceTitle "CBM 142 Extra"]
[Source "ChessBase"]
[SourceDate "2011.06.27"]
[SourceVersion "1"]
[SourceVersionDate "2011.06.27"]
[SourceQuality "1"]

1. d4 d5 2. c4 c6 3. Nf3 Nf6 4. Nc3 e6 5. Bf4 dxc4 6. a4 Bb4 7. Qc2 b5 8. e4 Bb7 9. e5 Nd5 10. Bd2 a6 11. Be2 Bxc3 12. bxc3 Nd7 13. Ng5 c5 14. Ne4 0-0 15. Nd6 Qb6 16. Rb1 cxd4 17. cxd4 c3 18. Be3 b4 19. a5 Qc7 20. 0-0 f5 21. Bd3 Rab8 22. g4 f4 23. Bxh7+ Kh8 24. Bc1 Qd8 25. Be4 f3 26. h3 Ba8 27. Qd3 Qh4 28. Kh2 Nf4 29. Bxf4 Rxf4 30. Bxa8 Rxa8 31. Rxb4 Nxe5 32. dxe5 Rxb4 33. Qxf3 Rb3 34. Qxa8+ 1-0

[Event "Lugano New op 5th"]
[Site "Lugano"]
[Date "2011.04.24"]
[Round "4"]
[White "Salvetti, Alec"]
[Black "Di Trapani, Davide"]
[Result "1/2-1/2"]
[WhiteElo "2262"]
[BlackElo "2018"]
[PlyCount "118"]
[EventDate "2011.04.22"]
[EventType "swiss"]
[EventRounds "6"]
[EventCountry "SUI"]
[SourceTitle "CBM 142 Extra"]
[Source "ChessBase"]
[SourceDate "2011.06.27"]
[SourceVersion "1"]
[SourceVersionDate "2011.06.27"]
[SourceQuality "1"]

1. c4 e5 2. g3 Nc6 3. Bg2 f5 4. Nc3 Nf6 5. d3 Bc5 6. e3 0-0 7. Nge2 d6 8. 0-0 Qe8 9. d4 Bb6 10. Rb1 Nd8 11. b4 c6 12. d5 c5 13. Nb5 Qe7 14. Ba3 a6 15. Nbc3 Qc7 16. b5 Bd7 17. bxa6 Rxa6 18. Bb2 Ba5 19. Qc2 Nf7 20. Nb5 Qc8 21. Ba1 Bb4 22. Nec3 f4 23. exf4 exf4 24. Ne4 Nxe4 25. Bxe4 Ng5 26. f3 fxg3 27. hxg3 Bxb5 28. cxb5 Ra3 29. Rb3 Qh3 30. Rxa3 Qxg3+ 31. Kh1 Bxa3 32. Rg1 Qh3+ 33. Qh2 Qxh2+ 34. Kxh2 h6 35. Rg3 Bc1 36. Kg2 Bf4 37. Rg4 h5 38. Rh4 Nxe4 39. fxe4 g6 40. a4 b6 41. Bc3 Bg5 42. Rh1 Rf4 43. a5 bxa5 44. b6 Rf7 45. Bxa5 Rb7 46. Kf3 Bd8 47. Rb1 Kf7 48. Ke3 g5 49. Kd3 g4 50. Kc4 h4 51. Kb5 g3 52. Rg1 Re7 53. Kc6 Bxb6 54. Bxb6 Rxe4 55. Kxd6 Rg4 56. Rf1+ Kg6 57. Kxc5 h3 58. Bc7 h2 59. Re1 Rh4 1/2-1/2

[Event "Mirandola Giovanni Pico 3rd"]
[Site "Mirandola"]
[Date "2010.01.17"]
[Round "5"]
[White "Santamato, Luigi"]
[Black "Di Trapani, Davide"]
[Result "0-1"]
[WhiteElo "1563"]
[BlackElo "1905"]
[PlyCount "51"]
[EventDate "2010.01.15"]
[EventType "swiss"]
[EventRounds "5"]
[EventCountry "ITA"]
[SourceTitle "EXT 2024"]
[Source "ChessBase"]
[SourceDate "2023.10.10"]
[SourceVersion "1"]
[SourceVersionDate "2023.10.10"]
[SourceQuality "1"]

1. e4 e5 2. Nf3 Nc6 3. Nc3 Nf6 4. g3 Bc5 5. Bg2 0-0 6. d3 h6 7. 0-0 d6 8. h3 Be6 9. Na4 Qd7 10. Kh2 Rad8 11. c3 b5 12. Nxc5 dxc5 13. Ne1 c4 14. d4 exd4 15. cxd4 Nxd4 16. e5 Ne8 17. Be3 c5 18. Nf3 Bd5 19. Nxd4 Bxg2 20. Kxg2 cxd4 21. Bd2 f6 22. Bb4 Rf7 23. exf6 Nxf6 24. Kh2 Ne4 25. Ba5 Nxf2 26. g4 0-1